00531nam a2200205 a 4500001001300000003000900013005001700022008004100039020001000080082001700090100001900107245002600126260004200152300000800194500003500202505003400237650001300271650002200284700001900306nice12345678IN_TiNIC20260116011341.0050524s0000 dela grp 000 0 urd  ac10000a297.63bABD3 aAbdus Sattar,  aRasoolullah Ki Naaten aDelhibIdara-I-Adabiyat-I-Dillic0000 a96p aincludes index and biblioraphy2 ascn book club study project.3 aMuhammad aMuhammad, Prophet1 aAbdus Sattar,